000 00553 a2200205 4500
001 17402
020 _a9788516065690
041 _apor
090 _aYear 1 028
100 _aRocha, Ruth.
250 _a. ed.
490 _aSérie toda criança do mundo. As aventuras de Alvinho
697 _aLiteratura infanto-juvenil
830 _aSérie toda criança do mundo. As aventuras de Alvinho
856 _u000012/000012fe.jpg
040 _aBR-BrIDEA
_cBR-BrIDEA
245 1 0 _aA coisa
_c Ruth Rocha
260 _a[S.l.]
_bModerna
_c2010
942 _cBK
999 _c17402
_d17402